LEADER 01082nam0 22002531i 450 001 UON00201535 005 20231205103255.836 010 $a88-14-05669-2 100 $a20030730d1996 |0itac50 ba 101 $aita 102 $aIT 105 $a|||| ||||| 200 1 $a Antitrust fra diritto nazionale e diritto comunitario$eantitrust between EC law and national law$eAtti del II Convegno di Treviso 5-6 maggio 1995 210 $aMilano$cGiuffré$d1996. VIII$d261 p. ; 22 cm. 423 1$1001UON00370876$12001 $aAtti del II Convegno di Treviso$e5-6 maggio 1995. 606 $aAntitrust$xNormativa e studi$3UONC037271$2FI 620 $aIT$dMilano$3UONL000005 712 $aGiuffrè$3UONV257275$4650 801 $aIT$bSOL$c20251121$gRICA 899 $aSIBA - SISTEMA BIBLIOTECARIO DI ATENEO$2UONSI 912 $aUON00201535 950 $aSIBA - SISTEMA BIBLIOTECARIO DI ATENEO$dSI COM C 0101 $eSI SC 30851 5 0101 996 $aAntitrust fra diritto nazionale e diritto comunitario$9690415 997 $aUNIOR LEADER 00955nam0 22002531i 450 001 UON00092133 005 20231205102515.848 100 $a20020107d1987 |0itac50 ba 101 $aeng 102 $aGB 105 $a|||| ||||| 200 1 $aCoinage in their Roman World$fAndrew Burnett 210 $aLondon$cSeaby$d1987 168 p.$ctav.ill. ; 22 cm 606 $aNumismatica$xRoma$3UONC028208$2FI 620 $aGB$dLondon$3UONL003044 686 $aJ$cNUMISMATICA$2A 700 1$aBURNETT$bAndrew$3UONV056720$0459854 712 $aSeaby$3UONV259481$4650 801 $aIT$bSOL$c20260227$gRICA 899 $aSIBA - SISTEMA BIBLIOTECARIO DI ATENEO E ARCHIVIO STORICO$2UONSI 912 $aUON00092133 950 $aSIBA - SISTEMA BIBLIOTECARIO DI ATENEO E ARCHIVIO STORICO$dSI J 090 $eSI MC 12370 7 996 $aCoinage in their Roman World$91303833 997 $aUNIOR